• 首页
  • 本馆介绍
  • 公告通知
  • 最新文献
  • 馆藏检索
  • 电子资源
  • 读者荐购
  • 参考咨询
  • CALIS
  • 我的图书馆
  • 登录
  • 详细信息显示
  • 放入我的书架
  • 预约/预借图书
  • 作者相关作品
  • 分类相关作品
  • 丛书相关作品
  • 出版社相关作品

书目信息

  • 表格格式
  • 工作单格式
  • 卡片格式
题名:
城镇供水管网漏损控制
    
 
作者: 佟怿维 , 朱艳峰 主编
分册:  
出版信息: 北京   北京理工大学出版社  2025.01
页数: 270页
开本: 26cm
丛书名:
单 册:
中图分类: TU991.33
科图分类:
主题词: 城市供水系统--cheng shi gong shui xi tong--管网--检漏
电子资源:
ISBN: 978-7-5763-4863-7
 
 
 
 
 
000 00981nam0 2200253 450
001 92587
005 20250818100728.83
010    @a978-7-5763-4863-7@dCNY89.00
100    @a20250418d2025 em y0chiy50 ea
101 0  @achi
102    @aCN@b110000
105    @aa a 000yy
106    @ar
200 1  @a城镇供水管网漏损控制@Acheng zhen gong shui guan wang lou sun kong zhi@f主编佟怿维, 朱艳峰
210    @a北京@c北京理工大学出版社@d2025.01
215    @a270页@c图@d26cm
320    @a有书目 (第270页)
330    @a本书共分为8个项目, 主要内容包括供水管网漏损控制工作认知、供水管网基础知识、管网漏损分析指标与计算方法、供水管网漏水声波探测、供水管网漏水非声波探测、供水管网压力调控、供水管网分区计量管理、供水管网漏损智能监测。
606 0  @a城市供水系统@Acheng shi gong shui xi tong@x管网@x检漏
690    @aTU991.33@v5
701  0 @a佟怿维@Atong yi wei@4主编
701  0 @a朱艳峰@Azhu yan feng@4主编
801  0 @aCN@c20250909
905    @a河南城建学院图书馆@dTU991.33@eT835@f1
    
    城镇供水管网漏损控制/主编佟怿维, 朱艳峰.-北京:北京理工大学出版社,2025.01
    270页:图;26cm
    
    
    ISBN 978-7-5763-4863-7:CNY89.00
    本书共分为8个项目, 主要内容包括供水管网漏损控制工作认知、供水管网基础知识、管网漏损分析指标与计算方法、供水管网漏水声波探测、供水管网漏水非声波探测、供水管网压力调控、供水管网分区计量管理、供水管网漏损智能监测。
●
相关链接 在E读中查询图书 在当当中查询图书 在豆瓣中查询图书


正题名:城镇供水管网漏损控制     索取号:TU991.33/T835         预约/预借

序号 登录号 条形码 馆藏地/架位号 状态 备注
1 1626551   216265510   建筑库201/201建筑库 134排1列1层/ [索取号:TU991.33/T835] 在馆    
河南城建学院图书馆 欢迎您!
大连网信软件有限公司© 版权所有